ՀՀ Գիտությունների ազգային ակադեմիայի հիմնարար գիտական գրադարան  =   Fundamental Scientific Library of NAS RA
Normal view MARC view

Entry Personal Name

Number of records used in: 3

001 - CONTROL NUMBER

  • control field: 4190

003 - CONTROL NUMBER IDENTIFIER

  • control field: AM-YEHGA

005 - DATE AND TIME OF LATEST TRANSACTION

  • control field: 20250617070450.0

008 - FIXED-LENGTH DATA ELEMENTS

  • fixed length control field: 130416 a|ac|n|aab||||||||||||a |n|||||||

040 ## - CATALOGING SOURCE

  • Original cataloging agency: AM-YEHGA

100 1# - HEADING--PERSONAL NAME

  • Personal name: Վարդանյան, Գևորգ Հրանտի,
  • Dates associated with a name: 1986-

400 1# - SEE FROM TRACING--PERSONAL NAME

  • Personal name: Վարդանյան, Գևորգ Հրանտի

400 1# - SEE FROM TRACING--PERSONAL NAME

  • Personal name: Вартанян, Геворк Грантович,
  • Dates associated with a name: 1986-

400 1# - SEE FROM TRACING--PERSONAL NAME

  • Personal name: Vardanyan, Gevork Hranti,
  • Dates associated with a name: 1986-

670 ## - SOURCE DATA FOUND

  • Source citation: Հունական բնակչությունն Օսմանյան կայսրությունում և փոքրասիական աղետը = The greek population in the Ottoman empire and the Asia Minor disaster (1914-1923), 2012 :
  • Information found: Վարդանյան Գևորգ Հրանտի [ծ. 1986 թ. Չարենցավան ք-ում], պատմաբան: Պատմ. գիտ. թեկն. (2011):

670 ## - SOURCE DATA FOUND

  • Source citation: Հունական բնակչությունն Օսմանյան կայսրությունում և հույների կոտորածները 1914-1923 թվականներին : Սեղմ. Է.00.02- «Համաշխարհարհային պատմություն» մասն. պատմ. գիտ. թեկն., 2011 :
  • Information found: տիտղթ. (Գևորգ Հրանտի Վարդանյան)


ՀՀ ԳԱԱ հիմնարար գիտական գրադարան
ՀՀ,Երևան 0019
Մարշալ Բաղրամյան 24/6
հեռախոս:(374-10) 52-47-50
Հետադարձ կապ

All site content, except where otherwise noted, is licensed under a
Creative Commons License